[Event "Belgrade ChessAmateur op 5th"]
[Site "Belgrade"]
[Date "2019.01.04"]
[Round "1"]
[White "Jurman, Roberto"]
[Black "Reimanis, Ritvars"]
[Result "0-1"]
[WhiteElo "2140"]
[BlackElo "2316"]
[PlyCount "82"]
[EventDate "2019.01.04"]
[EventType "swiss"]
[EventRounds "9"]
[EventCountry "SRB"]
[SourceTitle "CBM 188 Extra"]
[Source "ChessBase"]
[SourceDate "2019.02.26"]
[SourceVersion "1"]
[SourceVersionDate "2019.02.26"]
[SourceQuality "1"]

1. c4 Nf6 2. Nc3 c5 3. g3 Nc6 4. Bg2 e6 5. d3 Be7 6. Nf3 d5 7. 0-0 0-0 8. b3 a6 9. Bd2 d4 10. Nb1 e5 11. Ne1 Bf5 12. f3 h6 13. Na3 Rb8 14. Nac2 Re8 15. a3 a5 16. a4 Bf8 17. Na3 Nb4 18. Nb5 Bd7 19. Qc1 Ra8 20. Nc2 Bc6 21. Nxb4 cxb4 22. Qb2 Bc5 23. Be1 Qd7 24. Bf2 Nh7 25. Qd2 Re7 26. Ra2 Rd8 27. g4 Rf8 28. Bh4 Ree8 29. h3 f5 30. Qc1 Rf7 31. Kh2 Nf8 32. gxf5 Rxf5 33. Rg1 Rh5 34. Qe1 Ng6 35. Bg3 Be7 36. Bf1 Bg5 37. c5 Nf4 38. h4 Qe7 39. Rh1 Bxh4 40. Bh3 Bxg3+ 41. Kxg3 Qh4+ 0-1

[Event "Sarajevo Bosna op 47th"]
[Site "Sarajevo"]
[Date "2017.05.17"]
[Round "7"]
[White "Jurman, Roberto"]
[Black "Blagojevic, Dragisa"]
[Result "0-1"]
[WhiteElo "2152"]
[BlackElo "2480"]
[PlyCount "56"]
[EventDate "2017.05.13"]
[EventType "swiss"]
[EventRounds "9"]
[EventCountry "BIH"]
[SourceTitle "CBM 178 Extra"]
[Source "ChessBase"]
[SourceDate "2017.06.22"]
[SourceVersion "1"]
[SourceVersionDate "2017.06.22"]
[SourceQuality "1"]

1. c4 e6 2. g3 d5 3. b3 dxc4 4. bxc4 Qd4 5. Nc3 Qxc4 6. Nf3 Nd7 7. a4 Ngf6 8. e4 Qc5 9. Ba3 Qa5 10. Bxf8 Nxf8 11. Qc2 Ng6 12. Rb1 c6 13. h4 0-0 14. h5 Nxh5 15. e5 Nxe5 16. Nxe5 Qxe5+ 17. Be2 Nf6 18. Rb4 h6 19. Rbh4 Nd5 20. d4 Qf6 21. Ne4 Qxd4 22. Ng5 Qc3+ 23. Qxc3 Nxc3 24. Bd3 Rd8 25. Bc2 b6 26. Nh7 Ba6 27. Ng5 Bd3 28. Bb3 Kf8 0-1

[Event "Sarajevo Bosna op 47th"]
[Site "Sarajevo"]
[Date "2017.05.15"]
[Round "4"]
[White "Medic, Nevenko"]
[Black "Jurman, Roberto"]
[Result "0-1"]
[WhiteElo "1996"]
[BlackElo "2152"]
[PlyCount "114"]
[EventDate "2017.05.13"]
[EventType "swiss"]
[EventRounds "9"]
[EventCountry "BIH"]
[SourceTitle "CBM 178 Extra"]
[Source "ChessBase"]
[SourceDate "2017.06.22"]
[SourceVersion "1"]
[SourceVersionDate "2017.06.22"]
[SourceQuality "1"]

1. d4 Nf6 2. c4 g6 3. Nc3 Bg7 4. e4 c5 5. Nf3 cxd4 6. Nxd4 d6 7. Be2 0-0 8. 0-0 Nc6 9. Be3 Bd7 10. f3 a6 11. Qd2 Re8 12. Rfd1 Qa5 13. a3 Rac8 14. Nxc6 Bxc6 15. b4 Qc7 16. Rac1 Bd7 17. Bd4 Be6 18. Nd5 Bxd5 19. cxd5 Qd7 20. Rxc8 Rxc8 21. Rc1 h6 22. Rxc8+ Qxc8 23. Qc3 Qxc3 24. Bxc3 Nd7 25. Bxg7 Kxg7 26. Kf2 g5 27. Ke3 Kf6 28. Kd4 Nb6 29. Bd1 e5+ 30. Kc3 Ke7 31. a4 Kd8 32. a5 Nc8 33. Be2 Ne7 34. g4 Ng6 35. b5 axb5 36. Kb4 Kc7 37. Bxb5 Nf4 38. Kc3 f6 39. Kd2 Kb8 40. Be8 Ka7 41. Bb5 Kb8 42. Be8 Kc7 43. Ke3 b6 44. axb6+ Kxb6 45. Bd7 Ka5 46. Bc8 Kb5 47. Bb7 Kc4 48. Ba6+ Kc3 49. Bb5 Kb3 50. Ba6 Kc2 51. Bf1 Kd1 52. Kf2 Kd2 53. Kg3 Ke3 54. Bb5 Ng6 55. Bf1 Nh4 56. Bg2 Ke2 57. Bh1 Kf1 0-1

[Event "CRO-chT2 West"]
[Site "Croatia"]
[Date "2017.03.26"]
[Round "2.3"]
[White "Bulic, Domagoj"]
[Black "Jurman, Roberto"]
[Result "0-1"]
[WhiteElo "2238"]
[BlackElo "2156"]
[PlyCount "91"]
[EventDate "2017.03.25"]
[EventType "team-tourn"]
[EventRounds "9"]
[EventCountry "CRO"]
[SourceTitle "EXT 2020"]
[Source "ChessBase"]
[SourceDate "2019.10.17"]
[SourceVersion "1"]
[SourceVersionDate "2019.10.17"]
[SourceQuality "1"]

1. c4 Nf6 2. Nc3 g6 3. e4 Bg7 4. d3 c5 5. f4 Nc6 6. Nf3 0-0 7. Be2 e6 8. e5 Ne8 9. Be3 Qe7 10. d4 cxd4 11. Nxd4 f6 12. exf6 Nxf6 13. 0-0 d5 14. Qc1 Ne4 15. Nxc6 bxc6 16. Nxe4 dxe4 17. Qc2 Rb8 18. Rab1 e5 19. Qxe4 Bf5 20. Qxc6 exf4 21. Qd5+ Kh8 22. Bc5 Qxe2 23. Rbe1 Qd3 24. Bxf8 Rxf8 25. Rxf4 Qxd5 26. cxd5 Rd8 27. g4 Bd7 28. b3 Kg8 29. h3 Bf8 30. Kg2 Bc8 31. Rd1 Bb7 32. Rfd4 g5 33. Kf3 Bc5 34. R4d3 Bd6 35. Ke4 Kf7 36. Rf1+ Bf4 37. Rfd1 Ke7 38. Kf3 Kd6 39. Re1 Rd7 40. Red1 Re7 41. Kf2 Rc7 42. Kf3 Rc2 43. a4 Rh2 44. Ke4 Re2+ 45. Kf3 Re5 46. Kf2 0-1

[Event "Pula op 30th"]
[Site "Pula"]
[Date "2016.09.13"]
[Round "4"]
[White "Fercec, Nenad"]
[Black "Jurman, Roberto"]
[Result "1-0"]
[WhiteElo "2441"]
[BlackElo "2186"]
[PlyCount "35"]
[EventDate "2016.09.10"]
[EventType "swiss"]
[EventRounds "9"]
[EventCountry "CRO"]
[SourceTitle "CBM 174 Extra"]
[Source "ChessBase"]
[SourceDate "2016.10.10"]
[SourceVersion "1"]
[SourceVersionDate "2016.10.10"]
[SourceQuality "1"]

1. e4 e6 2. d4 d5 3. Nd2 Nf6 4. e5 Nfd7 5. Bd3 c5 6. c3 Nc6 7. Ne2 Qb6 8. Nf3 Be7 9. 0-0 f5 10. Nf4 Nd8 11. Bxf5 g5 12. Nxg5 Bxg5 13. Qh5+ Nf7 14. Bxe6 Ndxe5 15. Re1 Bxf4 16. Bxf7+ Kf8 17. dxe5 Bxc1 18. e6 1-0

[Event "Pula op 30th"]
[Site "Pula"]
[Date "2016.09.13"]
[Round "5"]
[White "Jurman, Roberto"]
[Black "Vasic, Bosko M"]
[Result "0-1"]
[WhiteElo "2186"]
[BlackElo "2090"]
[PlyCount "92"]
[EventDate "2016.09.10"]
[EventType "swiss"]
[EventRounds "9"]
[EventCountry "CRO"]
[SourceTitle "CBM 174 Extra"]
[Source "ChessBase"]
[SourceDate "2016.10.10"]
[SourceVersion "1"]
[SourceVersionDate "2016.10.10"]
[SourceQuality "1"]

1. c4 Nf6 2. Nc3 c5 3. g3 d5 4. cxd5 Nxd5 5. Bg2 Nxc3 6. bxc3 g6 7. Qc2 Bg7 8. Nf3 0-0 9. 0-0 Be6 10. Rb1 Bd5 11. d3 Nd7 12. e4 Bc6 13. Be3 Qa5 14. Rfc1 Rac8 15. h3 Rfd8 16. Ne1 b6 17. f4 e5 18. Nf3 Qa6 19. Ne1 exf4 20. gxf4 Nf6 21. c4 Rc7 22. Qf2 Qc8 23. Rb3 Rcd7 24. Ra3 Qc7 25. Bf3 Ne8 26. h4 h5 27. Qg2 Kh7 28. Rc2 Bh6 29. Qg3 Ng7 30. Rd2 Ne6 31. Ng2 b5 32. cxb5 Bxb5 33. e5 Bxd3 34. Kh2 Ng7 35. Qf2 Ne6 36. Rd1 Qb6 37. Bc1 c4 38. Be3 Qb4 39. Rxa7 Rxa7 40. Bxa7 Nxf4 41. Be4 Bxe4 42. Rxd8 Bxg2 43. Be3 Qb1 44. Qg1 Qf5 45. Kg3 Qg4+ 46. Kf2 Qxh4# 0-1

[Event "CRO Cup"]
[Site "Mali Losinj"]
[Date "2016.05.05"]
[Round "2.132"]
[White "Sokac, Marko"]
[Black "Jurman, Roberto"]
[Result "1-0"]
[WhiteElo "2182"]
[BlackElo "2211"]
[PlyCount "107"]
[EventDate "2016.05.04"]
[EventType "team-swiss"]
[EventRounds "6"]
[EventCountry "CRO"]
[SourceTitle "CBM 172 Extra"]
[Source "ChessBase"]
[SourceDate "2016.06.21"]
[SourceVersion "1"]
[SourceVersionDate "2016.06.21"]
[SourceQuality "1"]
[WhiteTeam "Novo Virje Konaki"]
[BlackTeam "Rovinj Batana"]
[WhiteTeamCountry "CRO"]
[BlackTeamCountry "CRO"]

1. e4 e6 2. d4 d5 3. Nc3 dxe4 4. Nxe4 Be7 5. Nf3 Nd7 6. Bd3 Ngf6 7. Qe2 0-0 8. Bd2 b6 9. 0-0-0 Bb7 10. Nxf6+ Nxf6 11. c3 Qd5 12. Kb1 Rfe8 13. h4 c5 14. Bg5 cxd4 15. Nxd4 h6 16. Rh3 Nh7 17. Bxe7 Rxe7 18. Nf5 Qc5 19. Nxe7+ Qxe7 20. Be4 Nf6 21. Bxb7 Qxb7 22. Qf3 Qxf3 23. Rxf3 Rc8 24. Rfd3 Rc7 25. a3 g5 26. hxg5 hxg5 27. f3 Kg7 28. b3 b5 29. Kb2 Kg6 30. c4 bxc4 31. Rc1 Rb7 32. Rxc4 Nd5 33. Rc6 Kf5 34. Rd4 Nf4 35. g3 Ng6 36. b4 Ne7 37. Rc5+ Kg6 38. Rd8 f5 39. Kb3 g4 40. fxg4 fxg4 41. Rd4 Kf6 42. Rxg4 Nd5 43. Rd4 Ke5 44. Kc4 Rg7 45. Rcxd5+ exd5+ 46. Rxd5+ Ke4 47. Rd4+ Ke3 48. Rd3+ Ke4 49. Rb3 a5 50. Kb5 Rg5+ 51. Ka4 axb4 52. axb4 Kd4 53. b5 Rg8 54. b6 1-0

[Event "CRO-chT2W"]
[Site "Croatia"]
[Date "2016.03.06"]
[Round "2.2"]
[White "Jurman, Roberto"]
[Black "Kaps, Darja"]
[Result "1-0"]
[WhiteElo "2236"]
[BlackElo "2178"]
[PlyCount "139"]
[EventDate "2016.03.05"]
[EventType "team-tourn"]
[EventRounds "9"]
[EventCountry "CRO"]
[SourceTitle "CBM 171 Extra"]
[Source "ChessBase"]
[SourceDate "2016.04.26"]
[SourceVersion "1"]
[SourceVersionDate "2016.04.26"]
[SourceQuality "1"]
[WhiteTeam "Rovinj Batana"]
[BlackTeam "Ravna Gora Goranka"]
[WhiteTeamCountry "CRO"]
[BlackTeamCountry "CRO"]

1. c4 f5 2. Nc3 Nf6 3. g3 g6 4. Bg2 Bg7 5. d3 0-0 6. Nf3 d6 7. Bd2 e5 8. Qc1 Nc6 9. Rb1 Nd4 10. b4 c6 11. 0-0 Bd7 12. Ne1 f4 13. e3 fxe3 14. fxe3 Nf5 15. Nc2 Be6 16. e4 Ne7 17. Ne3 Qd7 18. b5 Rac8 19. bxc6 bxc6 20. Qd1 Rb8 21. Qa4 Rxb1 22. Rxb1 Nc8 23. Qa6 Nb6 24. Na4 Nxa4 25. Qxa4 Ng4 26. Nxg4 Bxg4 27. Be3 Be2 28. c5 dxc5 29. Bxc5 Qxd3 30. Rb7 Bh6 31. Qb3+ Qxb3 32. axb3 Rf7 33. Rb8+ Kg7 34. Bh3 Bd2 35. Be6 Rf1+ 36. Kg2 Rf6 37. Rb7+ Kh8 38. Rb8+ Kg7 39. Rg8+ Kh6 40. Bc8 Bf1+ 41. Kg1 Be2 42. h3 Bg5 43. Kg2 Bf3+ 44. Kh2 Bxe4 45. Bf8+ Rxf8 46. Rxf8 Bd5 47. h4 Kg7 48. Re8 Bf6 49. Be6 e4 50. Kg2 a5 51. Kf2 Bd4+ 52. Ke2 Kf6 53. Bxd5 cxd5 54. g4 Bc3 55. Rh8 d4 56. Rxh7 Ke5 57. Re7+ Kf4 58. h5 gxh5 59. gxh5 d3+ 60. Kf1 e3 61. h6 e2+ 62. Kf2 Bd4+ 63. Ke1 Bc3+ 64. Kf2 Bd4+ 65. Ke1 Kf3 66. Kd2 Bc5 67. Re6 Kf2 68. Kxd3 e1Q 69. Rxe1 Bf8 70. Re6 1-0

[Event "Porec Istar Cup"]
[Site "Porec"]
[Date "2015.12.12"]
[Round "6"]
[White "Ghersinich, Enrico"]
[Black "Jurman, Roberto"]
[Result "0-1"]
[WhiteElo "1753"]
[BlackElo "2270"]
[PlyCount "68"]
[EventDate "2015.12.04"]
[EventType "swiss"]
[EventRounds "7"]
[EventCountry "CRO"]
[SourceTitle "EXT 2017"]
[Source "ChessBase"]
[SourceDate "2016.10.25"]
[SourceVersion "1"]
[SourceVersionDate "2016.10.25"]
[SourceQuality "1"]

1. e4 e6 2. d4 d5 3. Nd2 Nf6 4. e5 Nfd7 5. Bd3 c5 6. c3 Nc6 7. Ndf3 Be7 8. Ne2 0-0 9. 0-0 f6 10. Nf4 Ndxe5 11. Re1 cxd4 12. cxd4 Nxf3+ 13. Qxf3 Nxd4 14. Qh5 f5 15. Be3 Nc6 16. g4 Ne5 17. gxf5 Nxd3 18. Nxd3 Rxf5 19. Qe2 e5 20. f4 e4 21. Ne5 Be6 22. Qd2 Qd6 23. Rf1 Rd8 24. Bxa7 d4 25. Rad1 b6 26. Rc1 e3 27. Qd3 Rxe5 28. fxe5 Qxe5 29. Rf3 Rf8 30. Rcf1 Rxf3 31. Rxf3 e2 32. Rf1 exf1Q+ 33. Kxf1 Qf4+ 34. Ke2 Bg4+ 0-1

[Event "Pula op 29th"]
[Site "Pula"]
[Date "2015.06.16"]
[Round "5"]
[White "Jurman, Roberto"]
[Black "Zufic, Miroslav"]
[Result "1/2-1/2"]
[WhiteElo "2205"]
[BlackElo "2462"]
[PlyCount "67"]
[EventDate "2015.06.13"]
[EventType "swiss"]
[EventRounds "9"]
[EventCountry "CRO"]
[SourceTitle "CBM 167 Extra"]
[Source "ChessBase"]
[SourceDate "2015.09.14"]
[SourceVersion "1"]
[SourceVersionDate "2015.09.14"]
[SourceQuality "1"]

1. c4 e5 2. Nc3 Nf6 3. e4 Nc6 4. g3 Bc5 5. Bg2 a6 6. d3 d6 7. Nge2 Nd4 8. Nxd4 Bxd4 9. h3 c6 10. 0-0 Be6 11. Kh2 h5 12. f3 h4 13. g4 g5 14. Qe2 Nh7 15. Be3 Nf8 16. Qd2 Bxe3 17. Qxe3 Ng6 18. b3 c5 19. Rfb1 Qa5 20. Ne2 Nf4 21. Nxf4 gxf4 22. Qc1 b5 23. Bf1 Ke7 24. Be2 Rab8 25. Qe1 Qxe1 26. Rxe1 bxc4 27. dxc4 Rb4 28. Bd1 a5 29. a4 Rhb8 30. Ra3 Rg8 31. Bc2 Bd7 32. Kg2 Bc6 33. Kf2 Rbb8 34. Raa1 1/2-1/2

[Event "Pula-ch"]
[Site "Pula"]
[Date "2015.02.12"]
[Round "9"]
[White "Jurman, Roberto"]
[Black "Voscilla, Adriano"]
[Result "1-0"]
[WhiteElo "2103"]
[BlackElo "2191"]
[PlyCount "57"]
[EventDate "2015.01.15"]
[EventType "swiss"]
[EventRounds "9"]
[EventCountry "CRO"]
[SourceTitle "EXT 2016"]
[Source "ChessBase"]
[SourceDate "2015.10.08"]
[SourceVersion "1"]
[SourceVersionDate "2015.10.08"]
[SourceQuality "1"]

1. c4 e5 2. Nc3 Nc6 3. g3 f5 4. Bg2 Nf6 5. Nf3 e4 6. Ng5 Bc5 7. 0-0 d6 8. d3 e3 9. f4 h6 10. Nf3 Ng4 11. Nd5 a5 12. d4 Ba7 13. Nxe3 Qf6 14. Nd5 Qf7 15. e3 0-0 16. b3 Re8 17. Re1 Nd8 18. h3 Nf6 19. Nxf6+ Qxf6 20. Bb2 Ne6 21. Qd2 Qg6 22. Kh2 Bd7 23. Nh4 Qf7 24. Bxb7 Rab8 25. Bd5 c6 26. Bg2 Bb6 27. e4 g5 28. Nxf5 Qf8 29. d5 1-0

[Event "Pula-ch"]
[Site "Pula"]
[Date "2015.01.26"]
[Round "4"]
[White "Vasic, Bosko M"]
[Black "Jurman, Roberto"]
[Result "0-1"]
[WhiteElo "2116"]
[BlackElo "2103"]
[PlyCount "94"]
[EventDate "2015.01.15"]
[EventType "swiss"]
[EventRounds "9"]
[EventCountry "CRO"]
[SourceTitle "EXT 2016"]
[Source "ChessBase"]
[SourceDate "2015.10.08"]
[SourceVersion "1"]
[SourceVersionDate "2015.10.08"]
[SourceQuality "1"]

1. e4 e6 2. d4 d5 3. Nc3 Nf6 4. Bg5 Be7 5. e5 Nfd7 6. h4 a6 7. Qg4 h5 8. Qg3 g6 9. Nf3 c5 10. Bd3 Nc6 11. 0-0 cxd4 12. Ne2 Bxg5 13. hxg5 Qc7 14. Rfe1 Qb6 15. Nf4 Ne7 16. Rab1 Nf8 17. Ne2 Bd7 18. Nfxd4 Bb5 19. Kh2 Bxd3 20. Qxd3 Nd7 21. Nc3 Rc8 22. f4 Rc4 23. Nce2 Nc5 24. Qe3 Nf5 25. Nxf5 gxf5 26. Nd4 Nd7 27. Red1 h4 28. b3 Rc5 29. Rd2 Qc7 30. Rd3 Nf8 31. Rbd1 Ng6 32. c3 b5 33. Ne2 0-0 34. Qf3 Kg7 35. g4 hxg3+ 36. Kxg3 Rh8 37. Rh1 Rxh1 38. Qxh1 Kf8 39. Qh6+ Ke8 40. Kf2 Qb6 41. Ke1 b4 42. c4 Ra5 43. cxd5 exd5 44. Qh1 Rxa2 45. Rxd5 Qe3 46. Qh2 Nh4 47. Qf2 Ra1+ 0-1

[Event "CRO-chT2 West"]
[Site "Croatia"]
[Date "2014.11.16"]
[Round "9.52"]
[White "Jurman, Roberto"]
[Black "Krsnik Cohar, Ivan Vihor"]
[Result "0-1"]
[WhiteElo "2094"]
[BlackElo "2163"]
[PlyCount "46"]
[EventDate "2014.03.15"]
[EventType "team-tourn"]
[EventRounds "9"]
[EventCountry "CRO"]
[SourceTitle "EXT 2019"]
[Source "ChessBase"]
[SourceDate "2018.10.10"]
[SourceVersion "1"]
[SourceVersionDate "2018.10.10"]
[SourceQuality "1"]
[WhiteTeam "Rovinj Batana"]
[BlackTeam "Rijeka Kvarner"]
[WhiteTeamCountry "CRO"]
[BlackTeamCountry "CRO"]

1. c4 e5 2. Nc3 f5 3. g3 Nf6 4. Bg2 Nc6 5. d3 Bc5 6. Nf3 0-0 7. 0-0 d6 8. a3 a6 9. b4 Ba7 10. Bb2 Qe8 11. e3 Qh5 12. Ne2 f4 13. gxf4 Bg4 14. Ng3 Qh6 15. Qc1 exf4 16. exf4 Nh5 17. Nxh5 Qxh5 18. Ng5 Nd4 19. Bxd4 Bxd4 20. Ra2 h6 21. Ne4 Bf3 22. Ng3 Qg4 23. h3 Qxg3 0-1

[Event "CRO-chT2 West"]
[Site "Croatia"]
[Date "2014.03.29"]
[Round "4.43"]
[White "Jurman, Roberto"]
[Black "Ramesa, Marin"]
[Result "1/2-1/2"]
[WhiteElo "2094"]
[BlackElo "2171"]
[PlyCount "137"]
[EventDate "2014.03.15"]
[EventType "team-tourn"]
[EventRounds "9"]
[EventCountry "CRO"]
[SourceTitle "EXT 2019"]
[Source "ChessBase"]
[SourceDate "2018.10.10"]
[SourceVersion "1"]
[SourceVersionDate "2018.10.10"]
[SourceQuality "1"]
[WhiteTeam "Rovinj Batana"]
[BlackTeam "Rijeka Junior"]
[WhiteTeamCountry "CRO"]
[BlackTeamCountry "CRO"]

1. c4 Nf6 2. Nc3 e6 3. g3 c5 4. Bg2 Nc6 5. Nf3 Be7 6. 0-0 0-0 7. e4 d6 8. d4 cxd4 9. Nxd4 Nxd4 10. Qxd4 a6 11. h3 Qa5 12. Bd2 Qh5 13. g4 Qh4 14. f3 Nd7 15. Be1 Qf6 16. Bf2 Qxd4 17. Bxd4 b6 18. Rfd1 Bb7 19. Rac1 Rfc8 20. Bf1 Ne5 21. Be2 Bg5 22. Rc2 Nxc4 23. Bxc4 Rxc4 24. Bxb6 d5 25. Re2 dxe4 26. Nxe4 Bf4 27. b3 Rcc8 28. Kf2 Bd5 29. Be3 Be5 30. Nc5 Rc6 31. Nd7 Bc7 32. Nc5 a5 33. Rc1 Rc8 34. Nd3 Bd6 35. Rxc6 Rxc6 36. Ne1 Kf8 37. Nd3 Rc3 38. Ne1 Rc6 39. Nd3 Rc3 40. Rd2 f6 41. Ne1 Ke7 42. Nd3 g6 43. Bd4 Rc6 44. Be3 g5 45. Re2 Rc3 46. Ne1 Rc6 47. Rc2 Kd7 48. Bd2 Bc7 49. Rxc6 Kxc6 50. Nc2 Bb6+ 51. Ke2 Kb5 52. Na3+ Kc6 53. Nc2 Kd6 54. Bc3 e5 55. Ne1 a4 56. bxa4 Bc4+ 57. Nd3 Bxa2 58. Bb4+ Ke6 59. Nc5+ Bxc5 60. Bxc5 Bc4+ 61. Kf2 f5 62. gxf5+ Kxf5 63. Be7 Kf4 64. a5 Ba6 65. Bf8 Bc8 66. Kg2 Bb7 67. Kf2 Bxf3 68. Bh6 Bb7 69. h4 1/2-1/2

[Event "CRO-chT2 West"]
[Site "Croatia"]
[Date "2014.03.16"]
[Round "3.21"]
[White "Belamaric, Goran"]
[Black "Jurman, Roberto"]
[Result "0-1"]
[WhiteElo "2242"]
[BlackElo "2094"]
[PlyCount "74"]
[EventDate "2014.03.15"]
[EventType "team-tourn"]
[EventRounds "9"]
[EventCountry "CRO"]
[SourceTitle "EXT 2019"]
[Source "ChessBase"]
[SourceDate "2018.10.10"]
[SourceVersion "1"]
[SourceVersionDate "2018.10.10"]
[SourceQuality "1"]
[WhiteTeam "Buje"]
[BlackTeam "Rovinj Batana"]
[WhiteTeamCountry "CRO"]
[BlackTeamCountry "CRO"]

1. e4 e6 2. d4 d5 3. e5 c5 4. Nf3 Ne7 5. Bd3 Nd7 6. c3 Nc6 7. 0-0 Be7 8. Re1 Qb6 9. dxc5 Nxc5 10. Bc2 a5 11. b3 Qc7 12. Bf4 b6 13. Nd4 Ba6 14. a4 Nxd4 15. cxd4 Nd7 16. Re3 Bb4 17. Ra2 Rc8 18. h4 f5 19. g4 g6 20. gxf5 exf5 21. Qf3 Qc6 22. Bh6 Rg8 23. Bg5 Qe6 24. Nc3 Bxc3 25. Rxc3 Kf7 26. Rxc8 Rxc8 27. h5 Kg7 28. Kg2 Nf8 29. Bf6+ Kf7 30. hxg6+ hxg6 31. Qh3 Ke8 32. Bd3 Bxd3 33. Qxd3 f4 34. Qf3 Qf5 35. Qxd5 Qg4+ 36. Kh2 f3 37. Qb5+ Nd7 0-1

[Event "CRO-chT2 West"]
[Site "Rijeka"]
[Date "2012.10.14"]
[Round "8.12"]
[White "Tirkajla, Boris"]
[Black "Jurman, Roberto"]
[Result "1-0"]
[WhiteElo "2142"]
[BlackElo "2147"]
[PlyCount "75"]
[EventDate "2012.03.17"]
[EventType "team-tourn"]
[EventRounds "9"]
[EventCountry "CRO"]
[SourceTitle "EXT 2013"]
[Source "ChessBase"]
[SourceDate "2012.11.22"]
[SourceVersion "1"]
[SourceVersionDate "2012.11.22"]
[SourceQuality "1"]

1. g3 Nf6 2. Bg2 g6 3. Nf3 Bg7 4. d3 d5 5. 0-0 0-0 6. Nbd2 c6 7. e4 h6 8. Re1 e6 9. e5 Nfd7 10. h4 c5 11. Nf1 Nc6 12. Bf4 Kh7 13. c3 b5 14. N1h2 Ne7 15. d4 Qb6 16. Qd2 Ba6 17. Ng4 Ng8 18. Bf1 Rac8 19. Bd3 b4 20. Bc2 bxc3 21. bxc3 Qa5 22. Rac1 Nb6 23. Ne3 Rc7 24. dxc5 Rxc5 25. Nd4 Rc7 26. h5 Ne7 27. hxg6+ Nxg6 28. Bxg6+ fxg6 29. Nxe6 Rcf7 30. Nxf8+ Rxf8 31. Ng4 Nc4 32. Qd4 g5 33. Nf6+ Kh8 34. Bxg5 hxg5 35. Kg2 Bxf6 36. exf6 Qb6 37. Rh1+ Kg8 38. Qxd5+ 1-0